000 00590nam a22002057a 4500
999 _c19598
_d19598
003 AR-CdUCM
008 190518b ||||| |||| 00| 0 spa d
040 _aMUNICIPALIDAD PROVINCIAL DEL CUSCO
_cBIBLIOTECA MUNICIPAL DEL CUSCO
082 _a869.44 /
_bAN62
100 _aAntezana, Juarez, Rene
_917924
245 _aEl labrador insomne /
260 _aBolivia :
_bCueto,
_c1990.
300 _a106 páginas ;
_c22 cm.
505 _aContenido: Poesía
650 _aLiteratura
_983
650 _aPoesía
_9139
650 _aSiglo XX
_98
942 _2ddc
_cLIBROS
945 _arah
_d2019-05-18